Normal view
MARC view
- Rocketry
Entry Topical Term
001 - CONTROL NUMBER
- control field: 153652
003 - CONTROL NUMBER IDENTIFIER
- control field: TR-AnTOB
005 - DATE AND TIME OF LATEST TRANSACTION
- control field: 20260414131953.0
008 - FIXED-LENGTH DATA ELEMENTS
- fixed length control field: 260414n|eazannbab| |n aaa d
035 ## - SYSTEM CONTROL NUMBER
- System control number: (TR-AnTOB)153652
040 ## - CATALOGING SOURCE
- Original cataloging agency: TR-AnTOB
- Transcribing agency: TR-AnTOB
150 ## - HEADING--TOPICAL TERM
- Topical term or geographic name entry element: Rocketry
- Form subdivision: Fiction
450 ## - SEE FROM TRACING--TOPICAL TERM
- Topical term or geographic name entry element: Füze bilimi
- Form subdivision: Roman
688 ## - APPLICATION HISTORY NOTE
- Institution to which field applies: TR-AnTOB
- Application history note: Op 14.04.2026



